| 000 | 00667nam a2200205 i 4500 | ||
|---|---|---|---|
| 001 | 98909 | ||
| 003 | ES-MaACL | ||
| 005 | 20230906182413.0 | ||
| 007 | t| | ||
| 008 | 950918s1865 sp d |||| | spa d | ||
| 040 |
_aCAM _bspa _cCAM |
||
| 100 | 1 |
_aEchegaray, José, _d1832-1916 _946526 |
|
| 245 | 1 | 0 |
_aProblemas de geometría analítica. _n1ª parte, _panalítica de dos dimensiones / _cpor José Echegaray. |
| 260 |
_aMadrid : _b[s.n.], _c1865 ( _fImp. de F. Martínez García) |
||
| 300 |
_aVII, 71 p. ; _c25 cm. |
||
| 650 | 4 |
_aGeometría analítica. _913100 |
|
| 650 | 0 | 4 |
_aGeometría- _vProblemas. _913098 |
| 852 |
_aES-MaACL _jT-971-F-2 |
||
| 999 |
_c98909 _d98909 |
||